000 00581nam a2200193Ia 4500
005 20250326130812.0
008 250326s9999 xx 000 0 und d
037 _aTextbook
040 _aFMSL
_beng
_cFMSL
041 _aeng
_2eng
084 _aX:51(U8) Q5
_qFMSL
100 _aCorreia A
_9741397
245 0 _aMarketing palces and spaces
_cCorreia A; Gnoth J And Others
260 _aIndia
_bIndia, Emerald
_c2015
300 _a326p
490 _v10/advances in culture tourism and hospitality research
942 _cTB
_hX:51(U8) Q5
999 _c1284179
_d1284179